The heir apparent : Robert Kennedy and the struggle for power
Na minha lista:
| Autor principal: | |
|---|---|
| Formato: | Livro |
| Idioma: | Undetermined |
| Publicado em: |
New York
Macmillan
1967
|
| Assuntos: | |
| Tags: |
Adicionar Tag
Sem tags, seja o primeiro a adicionar uma tag!
|
| Thư viện lưu trữ: | Trung tâm Học liệu Trường Đại học Cần Thơ |
|---|
| LEADER | 00580nam a2200217Ia 4500 | ||
|---|---|---|---|
| 001 | CTU_88702 | ||
| 008 | 210402s9999 xx 000 0 und d | ||
| 082 | |a 973.92 | ||
| 082 | |b S299 | ||
| 100 | |a Shannon, William V. | ||
| 245 | 4 | |a The heir apparent : | |
| 245 | 0 | |b Robert Kennedy and the struggle for power | |
| 245 | 0 | |c William V. Shannon | |
| 260 | |a New York | ||
| 260 | |b Macmillan | ||
| 260 | |c 1967 | ||
| 650 | |a Legislators | ||
| 650 | |x Biography | ||
| 650 | |z United States | ||
| 904 | |i Bằng,Hải | ||
| 980 | |a Trung tâm Học liệu Trường Đại học Cần Thơ | ||